[Event "St Veit op 42nd"]
[Site "St Veit"]
[Date "2023.07.13"]
[Round "7"]
[White "Hechl, Gerald"]
[Black "Miazhynski, Michael"]
[Result "1/2-1/2"]
[WhiteElo "2229"]
[BlackElo "2142"]
[PlyCount "53"]
[EventDate "2023.07.08"]
[EventType "swiss"]
[EventRounds "9"]
[EventCountry "AUT"]
[SourceTitle "CBM 215 Extra"]
[Source "ChessBase"]
[SourceDate "2023.09.30"]
[SourceVersion "1"]
[SourceVersionDate "2023.09.30"]
[SourceQuality "1"]

1. d4 d6 2. e4 Nf6 3. Bd3 e5 4. c3 Nbd7 5. Nf3 c6 6. 0-0 g6 7. Re1 Bg7 8. Nbd2 0-0 9. Nf1 Re8 10. Ng3 d5 11. dxe5 Nxe4 12. Bxe4 dxe4 13. Bg5 Qa5 14. Nxe4 Nxe5 15. Nxe5 Rxe5 16. Bf6 Rxe4 17. Rxe4 Bxf6 18. Re8+ Kg7 19. Qd6 g5 20. Qf8+ Kg6 21. Qg8+ Bg7 22. h4 Qf5 23. Rd1 gxh4 24. Rd6+ Be6 25. Rxa8 Qb1+ 26. Kh2 Qe1 27. Rd3 1/2-1/2

[Event "St Veit op 42nd"]
[Site "St Veit"]
[Date "2023.07.09"]
[Round "2"]
[White "Fuchs, Patrick1111"]
[Black "Hechl, Gerald"]
[Result "0-1"]
[WhiteElo "2041"]
[BlackElo "2229"]
[PlyCount "91"]
[EventDate "2023.07.08"]
[EventType "swiss"]
[EventRounds "9"]
[EventCountry "AUT"]
[SourceTitle "CBM 215 Extra"]
[Source "ChessBase"]
[SourceDate "2023.09.30"]
[SourceVersion "1"]
[SourceVersionDate "2023.09.30"]
[SourceQuality "1"]

1. e4 d6 2. d4 Nf6 3. Nc3 Nbd7 4. Nf3 e5 5. Bc4 Be7 6. 0-0 c6 7. Re1 b5 8. Bb3 a5 9. a3 Rb8 10. Qe2 0-0 11. d5 b4 12. axb4 axb4 13. dxc6 bxc3 14. cxd7 cxb2 15. Bxb2 Bxd7 16. Red1 Qc7 17. Ba3 Bc6 18. Qc4 Rbc8 19. Ng5 Qd7 20. Qe2 Ra8 21. Qc4 d5 22. exd5 Bb5 23. Qxb5 Qxb5 24. Bxe7 Rxa1 25. Rxa1 h6 26. Bxf8 hxg5 27. Bd6 e4 28. Rd1 Qe2 29. c4 e3 30. Bg3 Ne4 31. f3 Nxg3 32. hxg3 Qf2+ 33. Kh2 e2 34. Rd2 e1Q 35. Rxf2 Qxf2 36. d6 Qd4 37. Bc2 Qxc4 38. d7 Qd4 39. Ba4 Kf8 40. Bb5 Ke7 41. Bc6 Qb4 42. Kh1 Qc4 43. Be4 Kxd7 44. Kh2 g6 45. Kh3 f5 46. Bb7 0-1

[Event "AUT-chT2O 2223"]
[Site "Austria"]
[Date "2023.01.21"]
[Round "6.5"]
[White "Dotzer, Lukas"]
[Black "Hechl, Gerald"]
[Result "1/2-1/2"]
[WhiteElo "2184"]
[BlackElo "2205"]
[PlyCount "71"]
[EventDate "2022.10.15"]
[EventType "team-tourn"]
[EventRounds "11"]
[EventCountry "AUT"]
[SourceTitle "CBM 213 Extra"]
[Source "ChessBase"]
[SourceDate "2023.05.31"]
[SourceVersion "1"]
[SourceVersionDate "2023.05.31"]
[SourceQuality "1"]
[WhiteTeam "Donaustadt"]
[BlackTeam "Pressbaum"]
[WhiteTeamCountry "AUT"]
[BlackTeamCountry "AUT"]

1. e4 e6 2. d4 d5 3. Nd2 h6 4. Bd3 c5 5. exd5 exd5 6. Ngf3 Nf6 7. 0-0 c4 8. Re1+ Be7 9. Bf1 0-0 10. c3 Nc6 11. Qc2 Be6 12. Ne5 Bd6 13. b3 cxb3 14. axb3 Qc7 15. Nef3 Rac8 16. Qa2 Rfe8 17. Bd3 Qd7 18. Ba3 Bc7 19. Qb1 Na5 20. Ne5 Bxe5 21. dxe5 Ne4 22. Nxe4 dxe4 23. Bc2 Rxc3 24. Bb2 Rxc2 25. Qxc2 Nxb3 26. Rxa7 Bd5 27. h3 Rc8 28. Qe2 Nc5 29. Rc1 Nd3 30. Rxc8+ Qxc8 31. Qd2 Qe6 32. Ra8+ Kh7 33. Rd8 Bc6 34. Rxd3 exd3 35. Qxd3+ Qg6 36. Qxg6+ 1/2-1/2

[Event "AUT-ch"]
[Site "Vienna"]
[Date "2022.08.14"]
[Round "3"]
[White "Hechl, Gerald"]
[Black "Dotzer, Lukas"]
[Result "1/2-1/2"]
[WhiteElo "2260"]
[BlackElo "2083"]
[PlyCount "36"]
[EventDate "2022.08.12"]
[EventType "swiss"]
[EventRounds "9"]
[EventCountry "AUT"]
[SourceTitle "CBM 209 Extra"]
[Source "ChessBase"]
[SourceDate "2022.09.30"]
[SourceVersion "1"]
[SourceVersionDate "2022.09.30"]
[SourceQuality "1"]

1. e4 c5 2. b4 cxb4 3. a3 bxa3 4. d4 d5 5. exd5 Nf6 6. Bb5+ Bd7 7. Bxd7+ Qxd7 8. Nf3 Qxd5 9. 0-0 e6 10. Nxa3 Be7 11. c4 Qd8 12. Nb5 Na6 13. Ne5 0-0 14. Qf3 Nc7 15. Qxb7 Nxb5 16. Nc6 Nd6 17. Nxd8 Nxb7 18. Nxb7 Rfc8 1/2-1/2

[Event "AUT-ch"]
[Site "Vienna"]
[Date "2022.08.12"]
[Round "1"]
[White "Hechl, Gerald"]
[Black "Fuchs, Patrick1111"]
[Result "1-0"]
[WhiteElo "2260"]
[BlackElo "2009"]
[PlyCount "159"]
[EventDate "2022.08.12"]
[EventType "swiss"]
[EventRounds "9"]
[EventCountry "AUT"]
[SourceTitle "CBM 209 Extra"]
[Source "ChessBase"]
[SourceDate "2022.09.30"]
[SourceVersion "1"]
[SourceVersionDate "2022.09.30"]
[SourceQuality "1"]

1. d4 d5 2. Nc3 Nf6 3. Bf4 c5 4. e3 cxd4 5. exd4 a6 6. Nf3 Bf5 7. Be2 h6 8. Ne5 e6 9. 0-0 Nbd7 10. Bd3 Bxd3 11. Nxd3 Be7 12. Re1 0-0 13. Re3 Rc8 14. Rh3 Re8 15. Qd2 Bf8 16. Re1 b5 17. a3 Qb6 18. Ne5 Red8 19. Qd3 Nxe5 20. dxe5 Ne4 21. Nxe4 dxe4 22. Qxe4 Rc4 23. Qf3 Rxc2 24. b4 a5 25. Bxh6 gxh6 26. Rg3+ Bg7 27. Qf6 Qxf2+ 28. Qxf2 Rxf2 29. Kxf2 axb4 30. axb4 Rd4 31. Rb1 Kh7 32. Re3 Bf8 33. Rf3 Kg6 34. Rf6+ Kg7 35. Rb3 Bxb4 36. Rg3+ Kf8 37. Rgf3 Rd7 38. Rxh6 Kg7 39. Rh4 Bc5+ 40. Ke2 Rd5 41. Re4 Bb6 42. Rg3+ Kf8 43. h4 Bc7 44. Rge3 Kg7 45. Rg4+ Kf8 46. Rge4 Kg7 47. Kf3 Kh6 48. Kg4 Rc5 49. Rf3 Bxe5 50. Rxf7 Kg6 51. Rf3 Rd5 52. h5+ Kg7 53. Rfe3 Bf6 54. h6+ Kxh6 55. Rxe6 Kg6 56. Rf3 Rg5+ 57. Kh3 Rh5+ 58. Kg3 Rg5+ 59. Kf2 Rf5 60. Rxf5 Kxf5 61. Rd6 b4 62. Rd5+ Ke4 63. Rb5 Bc3 64. Ke2 Kd4 65. g4 Kc4 66. Rb7 Bf6 67. Kd2 b3 68. Kc1 b2+ 69. Kc2 Kd5 70. Rb5+ Ke6 71. Rf5 Bg7 72. Rf1 Bf6 73. Rf3 Bg7 74. g5 Be5 75. Rf1 Kd5 76. g6 Ke6 77. Rf7 Bf6 78. Rb7 Bh8 79. Rf7 Be5 80. Rb7 1-0

[Event "St Veit op 41st"]
[Site "St Veit"]
[Date "2022.07.15"]
[Round "8"]
[White "Koelber, Daniel"]
[Black "Hechl, Gerald"]
[Result "1/2-1/2"]
[WhiteElo "2176"]
[BlackElo "2222"]
[PlyCount "27"]
[EventDate "2022.07.09"]
[EventType "swiss"]
[EventRounds "9"]
[EventCountry "AUT"]
[SourceTitle "CBM 209 Extra"]
[Source "ChessBase"]
[SourceDate "2022.09.30"]
[SourceVersion "1"]
[SourceVersionDate "2022.09.30"]
[SourceQuality "1"]

1. e4 c6 2. d4 d5 3. e5 Bf5 4. Nf3 e6 5. Be2 Bb4+ 6. c3 Ba5 7. 0-0 Nd7 8. Nbd2 Bc7 9. Re1 h6 10. Nb3 Ne7 11. Bf4 g5 12. Bg3 Ng6 13. Nfd2 Qe7 14. c4 1/2-1/2

[Event "AUT-chT2O 2122"]
[Site "Austria"]
[Date "2022.02.27"]
[Round "7.5"]
[White "Hechl, Gerald"]
[Black "Stadler, Peter"]
[Result "1-0"]
[WhiteElo "2229"]
[BlackElo "2002"]
[PlyCount "153"]
[EventDate "2021.10.16"]
[EventType "team-tourn"]
[EventRounds "11"]
[EventCountry "AUT"]
[SourceTitle "EXT 2023"]
[Source "ChessBase"]
[SourceDate "2022.10.05"]
[SourceVersion "1"]
[SourceVersionDate "2022.10.05"]
[SourceQuality "1"]
[WhiteTeam "Pressbaum"]
[BlackTeam "Hietzing"]
[WhiteTeamCountry "AUT"]
[BlackTeamCountry "AUT"]

1. e4 d6 2. d4 Nf6 3. Nc3 Nbd7 4. Nf3 e5 5. Bc4 Be7 6. a4 0-0 7. 0-0 c6 8. h3 a5 9. Qe2 exd4 10. Nxd4 Nb6 11. Ba2 d5 12. Rd1 Bb4 13. exd5 cxd5 14. Qf3 h6 15. Ndb5 Be6 16. Bf4 Rc8 17. Be5 Rc6 18. Na7 Rxc3 19. bxc3 Be7 20. Bb3 Nbd7 21. Bd4 Qc7 22. Nb5 Qc6 23. Qg3 Rd8 24. Re1 Ne8 25. Re2 Ndf6 26. Qd3 Bf8 27. Be5 Qc8 28. Nd4 Bd7 29. c4 dxc4 30. Qxc4 Qxc4 31. Bxc4 Rc8 32. Bb3 Bb4 33. Rd1 Kf8 34. Rd3 Kg8 35. Rf3 Kf8 36. Nf5 Bc6 37. Rg3 Nh5 38. Rd3 Nhf6 39. Nd6 Rd8 40. Nxe8 Rxd3 41. cxd3 Nxe8 42. d4 b5 43. d5 Bd7 44. Ra2 Ke7 45. g4 f6 46. Bf4 g5 47. Bb8 Ng7 48. Re2+ Kd8 49. axb5 Bxb5 50. Rc2 Ne8 51. Ba7 Kd7 52. Bc5 a4 53. Bc4 Bxc4 54. Rxc4 Bxc5 55. Rxc5 Kd6 56. Ra5 Nc7 57. Rxa4 Nxd5 58. Kh2 Ke6 59. Ra7 Ne7 60. Kg3 Kf7 61. f4 gxf4+ 62. Kxf4 Ke6 63. Ra6+ Kf7 64. h4 Ng6+ 65. Kg3 Ne7 66. h5 Kg7 67. Kf4 Kf7 68. Ke4 Kg7 69. Kd4 f5 70. Ra7 Kf6 71. Ra6+ Kg5 72. Re6 fxg4 73. Rxe7 Kxh5 74. Rg7 Kh4 75. Ke3 Kg3 76. Rh7 Kg2 77. Kf4 1-0

[Event "AUT-chT2O 2122"]
[Site "Austria"]
[Date "2022.02.13"]
[Round "5.3"]
[White "Sadilek, Peter"]
[Black "Hechl, Gerald"]
[Result "1/2-1/2"]
[WhiteElo "2345"]
[BlackElo "2229"]
[PlyCount "60"]
[EventDate "2021.10.16"]
[EventType "team-tourn"]
[EventRounds "11"]
[EventCountry "AUT"]
[SourceTitle "EXT 2023"]
[Source "ChessBase"]
[SourceDate "2022.10.05"]
[SourceVersion "1"]
[SourceVersionDate "2022.10.05"]
[SourceQuality "1"]
[WhiteTeam "Tschaturanga"]
[BlackTeam "Pressbaum"]
[WhiteTeamCountry "AUT"]
[BlackTeamCountry "AUT"]

1. d4 d5 2. c4 e6 3. Nf3 Nf6 4. g3 Be7 5. Bg2 0-0 6. b3 b6 7. 0-0 Bb7 8. Bb2 Nbd7 9. Nc3 c5 10. Ne1 Rc8 11. cxd5 exd5 12. Nd3 Ne4 13. Nf4 Nxc3 14. Bxc3 Nf6 15. dxc5 Ne4 16. Rc1 Bxc5 17. Bd4 Bd6 18. Rxc8 Qxc8 19. Bb2 Bxf4 20. gxf4 Qf5 21. Qd4 f6 22. Rc1 Nc5 23. e3 Rd8 24. Qd2 Rd7 25. Bd4 Ne6 26. b4 h5 27. h3 Rc7 28. Rxc7 Nxc7 29. Kh2 Nb5 30. a4 Nd6 1/2-1/2

[Event "AUT-chT2O 2122"]
[Site "Austria"]
[Date "2022.01.15"]
[Round "3.5"]
[White "Froewis, Annika"]
[Black "Hechl, Gerald"]
[Result "1/2-1/2"]
[WhiteElo "2077"]
[BlackElo "2229"]
[PlyCount "32"]
[EventDate "2021.10.16"]
[EventType "team-tourn"]
[EventRounds "11"]
[EventCountry "AUT"]
[SourceTitle "EXT 2023"]
[Source "ChessBase"]
[SourceDate "2022.10.05"]
[SourceVersion "1"]
[SourceVersionDate "2022.10.05"]
[SourceQuality "1"]
[WhiteTeam "Donaustadt"]
[BlackTeam "Pressbaum"]
[WhiteTeamCountry "AUT"]
[BlackTeamCountry "AUT"]

1. e4 c5 2. Nf3 Nc6 3. d4 cxd4 4. Nxd4 e5 5. Nb5 a6 6. Nd6+ Bxd6 7. Qxd6 Qf6 8. Qd1 Qg6 9. Nc3 Nge7 10. f3 d5 11. Nxd5 Nxd5 12. Qxd5 Be6 13. Qd2 Rd8 14. Bd3 Bc4 15. Qg5 Bxd3 16. cxd3 Rxd3 1/2-1/2

[Event "Titled Tuesday intern op 02nd Mar"]
[Site "Chess.com INT"]
[Date "2021.03.02"]
[Round "2"]
[White "Astaneh Lopez, Alex"]
[Black "Hechl, Gerald"]
[Result "1-0"]
[WhiteElo "2430"]
[BlackElo "2281"]
[PlyCount "97"]
[EventDate "2021.03.02"]
[EventType "swiss (blitz)"]
[EventRounds "11"]
[EventCountry "USA"]
[SourceTitle "CBM 201 Extra"]
[Source "ChessBase"]
[SourceDate "2021.05.31"]
[SourceVersion "1"]
[SourceVersionDate "2021.05.31"]
[SourceQuality "1"]

1. d4 d5 2. Bf4 c5 3. e3 cxd4 4. exd4 Nc6 5. c3 f6 6. Nf3 g5 7. Bg3 Bg7 8. Bd3 h5 9. Bg6+ Kf8 10. h4 g4 11. Nfd2 e5 12. dxe5 fxe5 13. 0-0 Qf6 14. Bc2 Bf5 15. Bxf5 Qxf5 16. f3 Nf6 17. fxg4 Qxg4 18. Qxg4 hxg4 19. Na3 a6 20. Rae1 Re8 21. Nb3 b6 22. Rf5 Rh5 23. Rf2 Kg8 24. Nd2 b5 25. Nc2 e4 26. Ne3 Ne5 27. Ref1 Re6 28. Rf5 Rxf5 29. Rxf5 Nd3 30. b3 Nc1 31. Nxd5 Nxd5 32. Rxd5 Ne2+ 33. Kf2 Nxc3 34. Rd8+ Kf7 35. Nf1 Rf6+ 36. Ke1 Nxa2 37. Rd7+ Kg6 38. h5+ Kh6 39. Ne3 Rc6 40. Nxg4+ Kh7 41. Be5 Rc1+ 42. Kd2 Rg1 43. Rxg7+ Kh8 44. Nh6 e3+ 45. Ke2 Nc1+ 46. Kf3 Rf1+ 47. Ke4 e2 48. Rg8+ Kh7 49. Rh8# 1-0

[Event "Titled Tuesday intern op 02nd Mar"]
[Site "Chess.com INT"]
[Date "2021.03.02"]
[Round "9"]
[White "Tsukerman, Julia"]
[Black "Hechl, Gerald"]
[Result "0-1"]
[WhiteElo "1523"]
[BlackElo "2281"]
[PlyCount "78"]
[EventDate "2021.03.02"]
[EventType "swiss (blitz)"]
[EventRounds "11"]
[EventCountry "USA"]
[SourceTitle "CBM 201 Extra"]
[Source "ChessBase"]
[SourceDate "2021.05.31"]
[SourceVersion "1"]
[SourceVersionDate "2021.05.31"]
[SourceQuality "1"]

1. e4 d5 2. exd5 Qxd5 3. d4 Nc6 4. Nf3 Bg4 5. Be2 0-0-0 6. c3 e5 7. dxe5 Qxd1+ 8. Bxd1 Nxe5 9. Nbd2 Nd3+ 10. Kf1 Nf6 11. h3 Bh5 12. g4 Bg6 13. Kg2 Bc5 14. Nb3 Bxf2 15. Be2 Bb6 16. Bxd3 Rxd3 17. Nbd4 Bxd4 18. cxd4 Be4 19. Rf1 Rd8 20. Kg3 R8xd4 21. Bg5 Nd7 22. Rae1 Ne5 23. Be3 Nxf3 24. Bxd4 Nxe1+ 25. Kf4 Rxd4 26. Rxe1 Bc6+ 27. Kg3 Rd3+ 28. Kh4 f6 29. Re7 Bg2 30. g5 Rxh3+ 31. Kg4 fxg5 32. Kxg5 Bc6 33. Kg4 Rh1 34. Kf4 Rf1+ 35. Kg3 Rg1+ 36. Kh2 Rg2+ 37. Kh3 h5 38. Rxg7 Rxg7 39. Kh4 Rg2 0-1

[Event "Titled Tuesday intern op 02nd Feb"]
[Site "Chess.com INT"]
[Date "2021.02.02"]
[Round "9"]
[White "Gracia Alvarez, Gerardo Antonio"]
[Black "Hechl, Gerald"]
[Result "0-1"]
[WhiteElo "2308"]
[BlackElo "2281"]
[PlyCount "24"]
[EventDate "2021.02.02"]
[EventType "swiss (blitz)"]
[EventRounds "11"]
[EventCountry "USA"]
[SourceTitle "CBM 200 Extra"]
[Source "ChessBase"]
[SourceDate "2021.03.31"]
[SourceVersion "1"]
[SourceVersionDate "2021.03.31"]
[SourceQuality "1"]

1. e4 d5 2. exd5 Qxd5 3. Nc3 Qa5 4. d4 Nf6 5. Bc4 Bg4 6. Nge2 e6 7. Bd2 Qb6 8. h3 Bxe2 9. Qxe2 Nc6 10. Be3 Qxb2 11. Kd2 Bb4 12. Rab1 Bxc3+ 0-1

[Event "Titled Tuesday intern op 02nd Feb"]
[Site "Chess.com INT"]
[Date "2021.02.02"]
[Round "2"]
[White "Hechl, Gerald"]
[Black "Kushko, Dmitriy"]
[Result "0-1"]
[WhiteElo "2281"]
[BlackElo "2285"]
[PlyCount "26"]
[EventDate "2021.02.02"]
[EventType "swiss (blitz)"]
[EventRounds "11"]
[EventCountry "USA"]
[SourceTitle "CBM 200 Extra"]
[Source "ChessBase"]
[SourceDate "2021.03.31"]
[SourceVersion "1"]
[SourceVersionDate "2021.03.31"]
[SourceQuality "1"]

1. d4 g6 2. e4 d6 3. Nc3 Nf6 4. Be3 c6 5. Qd2 Nbd7 6. Nf3 Bg7 7. Bd3 0-0 8. 0-0-0 e5 9. dxe5 dxe5 10. Bc4 b5 11. Bd3 Ng4 12. Bg5 f6 13. Bh4 Bh6 0-1

[Event "Titled Tuesday intern op 02nd Feb"]
[Site "Chess.com INT"]
[Date "2021.02.02"]
[Round "6"]
[White "Hechl, Gerald"]
[Black "Martin Carmona, Gaston Manuel"]
[Result "0-1"]
[WhiteElo "2281"]
[BlackElo "2285"]
[PlyCount "90"]
[EventDate "2021.02.02"]
[EventType "swiss (blitz)"]
[EventRounds "11"]
[EventCountry "USA"]
[SourceTitle "CBM 200 Extra"]
[Source "ChessBase"]
[SourceDate "2021.03.31"]
[SourceVersion "1"]
[SourceVersionDate "2021.03.31"]
[SourceQuality "1"]

1. d4 Nf6 2. Bg5 Ne4 3. Bf4 e6 4. Nd2 Nxd2 5. Qxd2 d5 6. e3 c5 7. Nf3 Bd6 8. dxc5 Bxc5 9. c4 Nc6 10. a3 0-0 11. Rc1 dxc4 12. Bxc4 Be7 13. 0-0 Qxd2 14. Nxd2 e5 15. Bg3 Bf5 16. Bd5 Rfd8 17. Bxc6 bxc6 18. Nc4 f6 19. Na5 Rd2 20. Nxc6 Bf8 21. b4 h5 22. h3 Be4 23. Rfd1 Rxd1+ 24. Rxd1 Bxc6 25. f4 exf4 26. exf4 a5 27. Rc1 Be4 28. Be1 axb4 29. axb4 Rb8 30. Rc4 Bd5 31. Rd4 Bc6 32. Kh2 Kf7 33. g4 hxg4 34. hxg4 Be7 35. Kg3 Rd8 36. Rc4 Rd3+ 37. Kh2 Bb5 38. Rc7 Re3 39. Bh4 Kg6 40. g5 fxg5 41. Bxg5 Bxg5 42. fxg5 Re5 43. Rc5 Rxc5 44. bxc5 Kxg5 45. Kg3 Bc6 0-1

[Event "Titled Tuesday intern op 02nd Feb"]
[Site "Chess.com INT"]
[Date "2021.02.02"]
[Round "8"]
[White "Hechl, Gerald"]
[Black "Primbetov, Kazbek"]
[Result "1-0"]
[WhiteElo "2281"]
[BlackElo "2207"]
[PlyCount "37"]
[EventDate "2021.02.02"]
[EventType "swiss (blitz)"]
[EventRounds "11"]
[EventCountry "USA"]
[SourceTitle "CBM 200 Extra"]
[Source "ChessBase"]
[SourceDate "2021.03.31"]
[SourceVersion "1"]
[SourceVersionDate "2021.03.31"]
[SourceQuality "1"]

1. d4 d6 2. e4 Nd7 3. Nf3 g6 4. Nc3 Bg7 5. Be3 e5 6. dxe5 Nxe5 7. Nxe5 Bxe5 8. Bc4 Be6 9. Bxe6 fxe6 10. 0-0 Nf6 11. Qd3 Ng4 12. f4 Nxe3 13. Qxe3 Bg7 14. f5 Qe7 15. fxe6 Qxe6 16. Nd5 0-0-0 17. Qxa7 Qxe4 18. Qa8+ Kd7 19. Qxb7 1-0

[Event "Titled Tuesday intern op 02nd Feb"]
[Site "Chess.com INT"]
[Date "2021.02.02"]
[Round "3"]
[White "Marcinczyk, Monika"]
[Black "Hechl, Gerald"]
[Result "0-1"]
[WhiteElo "1972"]
[BlackElo "2281"]
[PlyCount "50"]
[EventDate "2021.02.02"]
[EventType "swiss (blitz)"]
[EventRounds "11"]
[EventCountry "USA"]
[SourceTitle "CBM 200 Extra"]
[Source "ChessBase"]
[SourceDate "2021.03.31"]
[SourceVersion "1"]
[SourceVersionDate "2021.03.31"]
[SourceQuality "1"]

1. e4 d5 2. exd5 Qxd5 3. Nc3 Qa5 4. d4 Nf6 5. Bd2 Bg4 6. Nf3 Qf5 7. Be2 Nc6 8. h3 Bxf3 9. Bxf3 e6 10. Be3 Bb4 11. 0-0 0-0 12. Ne2 Rfd8 13. c3 Bd6 14. Qb3 Rab8 15. Rad1 Nd5 16. c4 Nf4 17. Nxf4 Bxf4 18. Bg4 Qg5 19. Rfe1 h5 20. Bf3 Ne7 21. d5 exd5 22. Bxf4 Qxf4 23. Rxe7 dxc4 24. Qc2 b5 25. Rxc7 Qxc7 0-1

[Event "Titled Tuesday intern op 02nd Feb"]
[Site "Chess.com INT"]
[Date "2021.02.02"]
[Round "1"]
[White "Peyrer, Konstantin"]
[Black "Hechl, Gerald"]
[Result "1-0"]
[WhiteElo "2244"]
[BlackElo "2281"]
[PlyCount "95"]
[EventDate "2021.02.02"]
[EventType "swiss (blitz)"]
[EventRounds "11"]
[EventCountry "USA"]
[SourceTitle "CBM 200 Extra"]
[Source "ChessBase"]
[SourceDate "2021.03.31"]
[SourceVersion "1"]
[SourceVersionDate "2021.03.31"]
[SourceQuality "1"]

1. e4 d5 2. exd5 Qxd5 3. Nc3 Qa5 4. Bc4 Nf6 5. h3 a6 6. Nf3 b5 7. Bb3 e6 8. d4 Bb7 9. 0-0 Nbd7 10. Bd2 Qb6 11. Be3 c5 12. a4 b4 13. a5 Qc7 14. Na4 c4 15. Ba2 Bd6 16. Nb6 Nxb6 17. axb6 Qc6 18. Qe2 Rc8 19. c3 b3 20. Bb1 0-0 21. Re1 h6 22. Qf1 Nd5 23. Nd2 Nxb6 24. Ne4 Bb8 25. Nc5 Nd5 26. Be4 Qc7 27. g3 Nxe3 28. Rxe3 Bxe4 29. Rxe4 a5 30. Qxc4 Qb6 31. Qxb3 Qc6 32. Rxa5 Bd6 33. Ra6 Qc7 34. Qb7 Bxg3 35. Qxc7 Bxc7 36. b4 Ra8 37. Re2 Rxa6 38. Nxa6 Bf4 39. Nc5 Ra8 40. Rb2 Ra1+ 41. Kg2 Rc1 42. Nd3 Rxc3 43. Nxf4 Rc4 44. Ne2 Kf8 45. b5 Rc7 46. b6 Rb7 47. Nc3 Ke7 48. Na4 1-0

[Event "Titled Tuesday intern op 02nd Feb"]
[Site "Chess.com INT"]
[Date "2021.02.02"]
[Round "7"]
[White "Tsotsonava, Elene"]
[Black "Hechl, Gerald"]
[Result "0-1"]
[WhiteElo "1805"]
[BlackElo "2281"]
[PlyCount "110"]
[EventDate "2021.02.02"]
[EventType "swiss (blitz)"]
[EventRounds "11"]
[EventCountry "USA"]
[SourceTitle "CBM 200 Extra"]
[Source "ChessBase"]
[SourceDate "2021.03.31"]
[SourceVersion "1"]
[SourceVersionDate "2021.03.31"]
[SourceQuality "1"]

1. e4 d5 2. exd5 Qxd5 3. Nc3 Qa5 4. d4 Nf6 5. Nf3 Bf5 6. Bc4 e6 7. Bd2 Bb4 8. a3 Bxc3 9. Bxc3 Qb6 10. 0-0 0-0 11. Nh4 Be4 12. Qe2 Nc6 13. Bb3 Nxd4 14. Bxd4 Qxd4 15. Rad1 Qxb2 16. f3 Bc6 17. Qe3 Nd5 18. Bxd5 Bxd5 19. Rb1 Qf6 20. g3 b6 21. Ng2 Rfd8 22. Nf4 Bb7 23. c4 Qd4 24. Qxd4 Rxd4 25. c5 Rd2 26. cxb6 axb6 27. Rbc1 c5 28. Rb1 Rd6 29. Rb3 Bd5 30. Rd3 Rad8 31. Rfd1 Kf8 32. Kf2 Ke7 33. Re3 Bc6 34. Rb1 b5 35. Rc1 c4 36. a4 Rd2+ 37. Kg1 Ra2 38. axb5 Bxb5 39. Rb1 Bc6 40. Ne2 Rdd2 41. Nc3 Rg2+ 42. Kf1 Raf2+ 43. Ke1 Bxf3 44. Rb4 Bc6 45. Rxc4 Ba8 46. Rc7+ Kf6 47. Ra7 Bc6 48. Rc7 Bf3 49. Rc4 Bd5 50. Nxd5+ exd5 51. Rc6+ Kg5 52. Rd6 f5 53. Rxd5 g6 54. Rdd3 Rxh2 55. Rf3 Ra2 0-1

[Event "Titled Tuesday intern op 26th Jan"]
[Site "Chess.com INT"]
[Date "2021.01.26"]
[Round "4"]
[White "Hechl, Gerald"]
[Black "Erdogan, Anil Berk"]
[Result "0-1"]
[WhiteElo "2281"]
[BlackElo "2155"]
[PlyCount "124"]
[EventDate "2021.01.26"]
[EventType "swiss (blitz)"]
[EventRounds "11"]
[EventCountry "USA"]
[SourceTitle "CBM 200 Extra"]
[Source "ChessBase"]
[SourceDate "2021.03.31"]
[SourceVersion "1"]
[SourceVersionDate "2021.03.31"]
[SourceQuality "1"]

1. d4 Nf6 2. Bg5 e6 3. e4 c5 4. d5 h6 5. Bxf6 Qxf6 6. Nc3 a6 7. Nf3 d6 8. e5 dxe5 9. Qe2 Nd7 10. 0-0-0 g5 11. g3 Bg7 12. Ne4 Qe7 13. dxe6 Qxe6 14. Nd6+ Kf8 15. Bg2 e4 16. Ne1 Qxa2 17. Nc4 Bxb2+ 18. Nxb2 Qa1+ 19. Kd2 Qxb2 20. Bxe4 Nf6 21. Nd3 Qd4 22. Bg2 c4 23. Qe5 c3+ 24. Ke1 Qxe5+ 25. Nxe5 Bf5 26. Bxb7 Re8 27. f4 gxf4 28. gxf4 Bxc2 29. Rc1 Be4 30. Bxe4 Nxe4 31. Rg1 Nc5 32. Kf2 Rg8 33. Rxg8+ Kxg8 34. Kf3 Na4 35. Nd7 Rd8 36. Rg1+ Kh8 37. Ne5 Rf8 38. Rc1 f6 39. Ra1 h5 40. Ng6+ Kg7 41. Nxf8 c2 42. Rc1 Kxf8 43. Rxc2 Ke7 44. Ra2 Nc5 45. Ra5 Kd6 46. h3 f5 47. Ke3 Kc6 48. Kd4 Nb3+ 49. Ke5 Nxa5 50. Kxf5 Nc4 51. Kg5 a5 52. f5 Nd6 53. f6 a4 54. Kxh5 a3 55. Kg6 a2 56. h4 a1Q 57. h5 Qg1+ 58. Kh7 Qf2 59. h6 Qxf6 60. Kg8 Qf7+ 61. Kh8 Nc4 62. h7 Qf8# 0-1

[Event "Titled Tuesday intern op 26th Jan"]
[Site "Chess.com INT"]
[Date "2021.01.26"]
[Round "2"]
[White "Hechl, Gerald"]
[Black "Lysiak, Magdalena"]
[Result "1/2-1/2"]
[WhiteElo "2281"]
[BlackElo "2126"]
[PlyCount "173"]
[EventDate "2021.01.26"]
[EventType "swiss (blitz)"]
[EventRounds "11"]
[EventCountry "USA"]
[SourceTitle "CBM 200 Extra"]
[Source "ChessBase"]
[SourceDate "2021.03.31"]
[SourceVersion "1"]
[SourceVersionDate "2021.03.31"]
[SourceQuality "1"]

1. d4 Nf6 2. Bg5 e6 3. e4 h6 4. Bxf6 Qxf6 5. c3 d5 6. Nd2 Bd7 7. Ngf3 Nc6 8. Bb5 a6 9. Bxc6 Bxc6 10. Ne5 Be7 11. 0-0 0-0 12. a4 Qf4 13. g3 Qf6 14. Re1 dxe4 15. Nxc6 bxc6 16. Nxe4 Qg6 17. h4 Rfd8 18. h5 Qf5 19. Qe2 c5 20. dxc5 Bxc5 21. Nxc5 Qxc5 22. Qe5 Qb6 23. b4 Rd2 24. Qe3 Qd6 25. Kg2 Rd8 26. Re2 Qc6+ 27. Qf3 Qd6 28. Rae1 Rd3 29. Re3 Rd2 30. R1e2 Rxe2 31. Rxe2 Qd1 32. a5 Rd3 33. Re3 Rd2 34. Qxd1 Rxd1 35. Kf3 Kf8 36. Re5 Ke7 37. Rc5 Kd6 38. Ke2 Ra1 39. Kd3 e5 40. Kc4 f5 41. Rd5+ Ke6 42. Rc5 Kd6 43. Rd5+ Ke6 44. Rc5 f4 45. gxf4 exf4 46. Rc6+ Kf5 47. Rxa6 Rf1 48. Rg6 Rxf2 49. Rxg7 f3 50. Rxc7 Ke6 51. Rc8 Ke7 52. Rc5 Ke6 53. Rc6+ Ke7 54. Rxh6 Rf1 55. a6 f2 56. Rh7+ Ke6 57. Rh8 Ra1 58. Rf8 f1Q+ 59. Rxf1 Rxf1 60. b5 Kd6 61. b6 Ra1 62. Kb5 Rb1+ 63. Kc4 Kc6 64. a7 Ra1 65. h6 Kxb6 66. h7 Ra4+ 67. Kb3 Ra6 68. h8Q Kxa7 69. Qg7+ Kb6 70. Qf8 Ka5 71. Qf5+ Kb6 72. Qe6+ Kb7 73. Qxa6+ Kxa6 74. Kc4 Kb6 75. Kd5 Kc7 76. c4 Kd7 77. c5 Kc7 78. Kc4 Kc6 79. Kb4 Kc7 80. Kc4 Kc6 81. Kd4 Kc7 82. Kd5 Kd7 83. c6+ Kc7 84. Kc5 Kc8 85. Kd6 Kd8 86. c7+ Kc8 87. Kc6 1/2-1/2